Въпреки всичко (Запис номер 54177)
[ съкратено ]
| 000 -Лидер | |
|---|---|
| Контролно поле с фиксирана дължина | 02053nam a2200433 c 4500 |
| 003 - Код на организацията, давaща контролен номер | |
| Контролно поле | BLK |
| 005 - Дата и час на последна редакция | |
| Контролно поле | 20241227095315.0 |
| 008 - Елементи от данни с фиксирана дължина | |
| fixed length control field | 180408b bul|||||r ||||||| ||bul|| |
| 010 ## - Наследен системен номер | |
| LC control number | KNG00058121000 |
| 020 ## - Международен стандартен номер на книга ISBN | |
| Международен стандартен номер на книга ISBN | 954-529-427-2 |
| 040 ## - Източник на каталожния запис | |
| Идентификатор на билиотеката - собственик на записа | BLK |
| 041 ## - Код за език | |
| Код за езика на текст/звукозапис или на отделно заглавие | Български |
| Код за езика КДБФ | Български |
| 080 ## - УДК | |
| Текстов определител УДК | Вътрешна политика. Вж и 329 |
| УДК код - определител по УДК | 323 |
| УДК определител | (497.2)(092)(093.3) |
| УДК - код + определител | 323(497.2)(092)(093.3) |
| 080 ## - УДК | |
| Текстов определител УДК | Международни политически отношения. Световна политика. Международна политика. Дипломация |
| УДК код - определител по УДК | 327 |
| УДК определител | (497.2)(092)(093.3) |
| УДК - код + определител | 327(497.2)(092)(093.3) |
| 080 ## - УДК | |
| Текстов определител УДК | Български политик, 2-ри президент на РБългария (1990-1997) |
| УДК код - определител по УДК | 929 Желев, Желю Митев |
| УДК - код + определител | 929 Желев, Желю Митев |
| 100 1# - Редна дума - Автор | |
| Автор | Желев, Желю Митев |
| Дати, свързани с автора | 1935-2015 |
| Автор - информация (биография) | Политик. Философ |
| R(LIN) | 368984 |
| 139 ## - Редно поле | |
| Редна дума | Желев, Желю Митев |
| Авторски знак | Желе - Ж 34 |
| 245 10 - Сведения за заглавието | |
| Заглавие | Въпреки всичко |
| Подзаглавни данни | Моята полит. биогр. |
| Редно поле (дума) | Желю Митев Желев. |
| 257 ## - Страна на издаване | |
| Страна на създаване/издаване | България |
| 260 ## - Област на издателските данни | |
| Име на издателя, разпространителя и проч. | Колибри |
| Година на издаване | 2005 |
| Печатница | В. Търново : Абагар |
| 300 ## - Физическа характеристика | |
| Страници | 638 с., ХХХІІ с. |
| Илюстрации и др. | ил. |
| Размери/Мащаб | 21 см |
| 380 ## - Жанр | |
| Жанр | Обществени науки |
| 500 ## - Общи забележки | |
| Забележка | Именен показалец. - Обществен комитет за екологическа защита на град Русе, с. 233-234 във връзка с обгазяването |
| 600 14 - Име на лице, използвано като предмет | |
| За него / За нея | Желев, Желю Митев |
| Свързани дати | 1935-2015 |
| Друга информация | Политик. Философ |
| 9 (RLIN) | 368984 |
| 650 #4 - Допълнително описание по предмет – тема | |
| Основно описание – тема или топоним | Политици, български - спомени |
| 9 (RLIN) | 247072 |
| 650 #4 - Допълнително описание по предмет – тема | |
| Основно описание – тема или топоним | Президенти - България |
| 9 (RLIN) | 255910 |
| 653 ## - Ключова дума – ненормативна | |
| Ключова дума | Желю Желев |
| 653 ## - Ключова дума – ненормативна | |
| Ключова дума | политици |
| 653 ## - Ключова дума – ненормативна | |
| Ключова дума | президенти |
| 653 ## - Ключова дума – ненормативна | |
| Ключова дума | биографии |
| 852 ## - Местоположение | |
| Форматна сигнатура | Цб 226344 |
| 856 4# - Електронен адрес и достъп | |
| Електронен формат | pdf - файл |
| 856 4# - Електронен адрес и достъп | |
| Електронен формат | pdf - файл |
| 942 ## - АРТИКУЛИ | |
| Вид на библиотечния материал | Книги |
| Скрит в OPAC | Не |
| Koha issues (borrowed), all copies | 8 |
| 944 ## - СЪЗДАВАНЕ И РЕДАКЦИЯ на ЗАПИСА | |
| Създаване/Редакция | Създаване |
| Дата на регистрацията/редакция | 06.02.2006 |
| Служител, извършил регистрацията/редакцията | 30553 |
| Статус, дата на статуса | Иваничка Йорданова |
| 944 ## - СЪЗДАВАНЕ И РЕДАКЦИЯ на ЗАПИСА | |
| Създаване/Редакция | Редакция |
| Дата на регистрацията/редакция | 25.01.2010 |
| 999 ## - СИСТЕМНИ КОНТРОЛНИ НОМЕРА | |
| Koha biblionumber | 54177 |
| Koha biblioitemnumber | 54177 |
| 999 ## - СИСТЕМНИ КОНТРОЛНИ НОМЕРА | |
| Koha biblioitemnumber | 54177 |
| 999 ## - СИСТЕМНИ КОНТРОЛНИ НОМЕРА | |
| Koha biblioitemnumber | 54177 |
| Код за отписване | Код за изгубен артикул | Източник на класификационната схема | Код за повреда | Коз за рестрикции | Код за отдаване | Артикулен № | Име на библиотеката - собственик | Име на библиотеката, в която се намира в момента | Статус (Текущо местоположение) | Дата на вписване в системата | Местоположение - отдел | Цена в лева | Инвентарен номер | Систематично азбучна сигнатура | Баркод | Номер на екземпляра | Цена в евро | Служебна бележка | Служебен тип на артикула |
|---|---|---|---|---|---|---|---|---|---|---|---|---|---|---|---|---|---|---|---|
| Не е изгубен | Universal Decimal Classification | Не е повреден | без рестрикции | заемане за дома | 85432 | Регионална библиотека "Любен Каравелов" Русе | Регионална библиотека "Любен Каравелов" Русе | Заемна - подръчен фонд | 2006-02-03 | Заемна - подръчен фонд | 12.00 | 120000699924 | П 323(497.2)(092)/Ж 34 | 120000699924 | 1 | 6.14 | Дост: Pk Вид: Ф N: 8910 Дата: 02.02.2006 Дата инв: 02.02.2018 Бележки инв: П2018 | Книги | |
| Не е изгубен | Не е повреден | без рестрикции | заемане за дома | 85433 | Регионална библиотека "Любен Каравелов" Русе | Регионална библиотека "Любен Каравелов" Русе | Заемна - подръчен фонд | 2008-02-21 | Заемна - подръчен фонд | 18.00 | 120000723699 | П 323(497.2)(092)/Ж 34 | 120000723699 | 2 | 9.20 | Дост: Pk Вид: Ф N: 15507 Дата: 06.02.2008 Дата инв: 02.02.2018 Бележки инв: П2018 | Книги | ||
| Не е изгубен | Не е повреден | без рестрикции | ползва се в читалня | 85434 | Регионална библиотека "Любен Каравелов" Русе | Регионална библиотека "Любен Каравелов" Русе | Хранилище | 2010-01-15 | Хранилище | 12.00 | 120000740662 | Цб 226344 | 120000740662 | 3 | 6.14 | Дост: Dp Вид: Д N: 25 Дата: 10.06.2009 | Книги |